Eric Church Charting Songs (Billboard Hot 100) - Statistics

General Stats
  • This quiz has been taken 79 times
    8 since last reset
  • The average score is 11 of 32
Answer Stats
Album Weeks On Peak Artist(s) Song % Correct
Chief 22 Weeks #19 Eric Church Springsteen
100%
The Outsiders 20 Weeks #43 Eric Church Talladega
100%
Chief 17 Weeks #59 Eric Church Like Jesus Does
67%
Non-Album Single 12 Weeks #31 HARDY, Eric Church, Morgan Wallen & Tim McGraw McArthur
67%
Mr Misunderstood 5 Weeks #84 Eric Church Mr Misunderstood
67%
Chief 20 Weeks #56 Eric Church Creepin'
50%
Chief 20 Weeks #40 Eric Church Drink In My Hand
50%
One Thing at a Time 30 Weeks #15 Morgan Wallen ft. Eric Church Man Made a Bar
50%
Carolina 20 Weeks #78 Eric Church Smoke a Little Smoke
50%
The Outsiders 7 Weeks #51 Eric Church The Outsiders
50%
The Outsiders 6 Weeks #88 Eric Church Cold One
33%
Desperate Man 15 Weeks #68 Eric Church Desperate Man
33%
The Outsiders 20 Weeks #36 Eric Church Give Me Back My Hometown
33%
Sinners Like Me 2 Weeks #99 Eric Church Guys Like Me
33%
Heart 22 Weeks #56 Eric Church Heart on Fire
33%
Soul 21 Weeks #28 Eric Church Hell of a View
33%
Chief 21 Weeks #53 Eric Church Homeboy
33%
Sinners Like Me 4 Weeks #85 Eric Church How 'Bout You
33%
The Outsiders 22 Weeks #51 Eric Church Like a Wrecking Ball
33%
Evangeline vs. the Machine 4 Weeks #70 Eric Church Hands of Time
17%
Carolina 12 Weeks #67 Eric Church Hell On The Heart
17%
Mr Misunderstood 15 Weeks #71 Eric Church ft. Rhiannon Giddens Kill A Word
17%
Carolina 16 Weeks #63 Eric Church Love Your Love The Most
17%
I'm the Problem 3 Weeks #52 Morgan Wallen & Eric Church Number 3 and Number 7
17%
Fuse 14 Weeks #56 Keith Urban ft. Eric Church Raise 'Em Up
17%
Desperate Man 13 Weeks #43 Eric Church Some Of It
17%
Heart 1 Week #92 Eric Church Stick That In Your Country Song
17%
The Outsiders 1 Week #89 Eric Church A Man Who Was Gonna Die Young
0%
What You See Is What You Get 19 Weeks #20 Luke Combs ft. Eric Church Does to Me
0%
Mr Misunderstood 20 Weeks #44 Eric Church Record Year
0%
Mr Misunderstood 19 Weeks #56 Eric Church Round Here Buzz
0%
Night Train 20 Weeks #40 Jason Aldean with Luke Bryan & Eric Church The Only Way I Know
0%
No matching quizzes found
Score Distribution
Percent of People with Each Score
Percentile by Number Answered
Your Score History
You have not taken this quiz since the last reset